• 首页
  • 本馆介绍
  • 公告通知
  • 最新文献
  • 馆藏检索
  • 电子资源
  • 读者导购
  • 参考咨询
  • 我的图书馆
  • 登录
  • 详细信息显示
  • 放入我的书架
  • 预约/预借图书
  • 作者相关作品
  • 分类相关作品
  • 丛书相关作品
  • 出版社相关作品

书目信息

  • 表格格式
  • 工作单格式
  • 卡片格式
题名:
跨文化交际背景下的专业英语教学改革
    
 
作者: 吴思 著
分册:  
出版信息: 北京   中国纺织出版社  2019.09
页数: 190页
开本: 23cm
丛书名:
单 册:
中图分类: H319.1
科图分类:
主题词: 英语--ying yu--教学改革--研究--中国
电子资源:
ISBN: 978-7-5180-6206-5
000 00947nam0 2200241 450
001 CAL 0120192822615
005 20230217093111.0
010    @a978-7-5180-6206-5@dCNY58.50
100    @a20190801d2019 em y0chiy0120 ea
101 0  @achi@aeng
102    @aCN@b110000
105    @ak a 000yy
106    @ar
200 1  @a跨文化交际背景下的专业英语教学改革@Akua wen hua jiao ji bei jing xia de zhuan ye ying yu jiao xue gai ge@f吴思著
210    @a北京@c中国纺织出版社@d2019.09
215    @a190页@d23cm
320    @a有书目 (第188-190页)
330    @a本书研究的是跨文化交际背景下的专业英语教学改革, 内容包括六个部分: 跨文化交际、英语教学法演变历程综述、跨文化交际与专业英语教学、专业英语跨文化教学中的问题及其成因、走出专业英语教学的困境、专业英语跨文化教学改革研究等。
606 0  @a英语@Aying yu@x教学改革@x研究@y中国
690    @aH319.1@v5
701  0 @a吴思@Awu si@4著
801  0 @aCN@bBJXHZP@c20230222
905    @b1394484-7@dH319.1@e1435@f4
    
    跨文化交际背景下的专业英语教学改革/吴思著.-北京:中国纺织出版社,2019.09
    190页;23cm
    
    
    ISBN 978-7-5180-6206-5:CNY58.50
    本书研究的是跨文化交际背景下的专业英语教学改革, 内容包括六个部分: 跨文化交际、英语教学法演变历程综述、跨文化交际与专业英语教学、专业英语跨文化教学中的问题及其成因、走出专业英语教学的困境、专业英语跨文化教学改革研究等。
●
相关链接 在E读中查询图书 在五车中查询图书 在当当中查询图书 在豆瓣中查询图书


正题名:跨文化交际背景下的专业英语教学改革     索取号:H319.1/1435         预约/预借

序号 登录号 条形码 馆藏地/架位号 状态 备注
1 1394484   213944847   第二样本阅览室/ [索取号:H319.1/1435] 在馆    
2 1394485   213944856   第四借阅区/ [索取号:H319.1/1435] 在馆    
3 1394486   213944865   第四借阅区/ [索取号:H319.1/1435] 在馆    
4 1394487   213944874   第四借阅区/ [索取号:H319.1/1435] 在馆    
唐山师范学院图书馆 欢迎您!
大连网信软件有限公司© 版权所有